ALL INTEL DESKTOP CPU MODELS QUIZ - Statistics

General Stats
  • This quiz has been taken 11 times
    9 since last reset
  • The average score is 63 of 914
Answer Stats
Categories Models % Correct
1.4
44%
i7 870
44%
100
33%
Pentium 4 1.3
33%
| Pentium 4 HT 2.4
33%
2.8
33%
400
33%
Pre-x86 4004
33%
66
33%
700
33%
800
33%
8008
33%
90
33%
2nd Gen Core i3 i3 2100
33%
7th Gen Core i3 i3 7100
33%
i5 750
33%
9th Gen Core i5 i5 9400
33%
i5 9400F
33%
i7 2700K
33%
i7 8700
33%
10th Gen Core i9 i9 10850K
33%
i9 10900
33%
i9 10900F
33%
i9 10900K
33%
i9 10900KF
33%
9th Gen Core i9 i9 9900
33%
i9 9900K
33%
1000
22%
1.8
22%
2.0
22%
2.2
22%
2.3
22%
2.5
22%
3.0
22%
| Pentium 4 Exreme Edition 3.2
22%
4040
22%
500
22%
Pentium 60
22%
Pentium Overdrive 63
22%
660
22%
670
22%
80186 80186
22%
8080
22%
8085
22%
8086 8086
22%
8088 8088
22%
CC150 CC150
22%
Core 2 Duo E4300
22%
E4400
22%
E4500
22%
E4600
22%
E4700
22%
E5200
22%
E5300
22%
E5400
22%
E5500
22%
E6300
22%
E6305
22%
E6320
22%
E6400
22%
E6500
22%
E6550
22%
E6600
22%
E6700
22%
E6800
22%
14th Gen Core i3 i3 14100
22%
i3 14100F
22%
i3 14100T
22%
i3 2100T
22%
i3 6100
22%
i3 6100T
22%
i3 6300
22%
i3 7100T
22%
i3 7300
22%
9th Gen Core i3 i3 9100
22%
i3 9100F
22%
i3 9100T
22%
i3 9300
22%
i3 9300T
22%
i3 9350K
22%
i3 9350KF
22%
10th Gen Core i5 i5 10400
22%
i5 10400F
22%
14th Gen Core i5 i5 14400
22%
i5 14400F
22%
i5 14400T
22%
i5 14500
22%
i5 14600
22%
i5 14600K
22%
i5 14600KF
22%
i5 14600T
22%
2nd Gen Core i5 i5 2300
22%
i5 2400
22%
6th Gen Core i5 i5 6400
22%
i5 6400T
22%
1st Gen Core i5 i5 650
22%
i5 6500
22%
i5 660
22%
i5 7500
22%
i5 760
22%
i5 9400T
22%
i5 9500
22%
i5 9500F
22%
i5 9500T
22%
i5 9600
22%
i5 9600K
22%
i5 9600KF
22%
i5 9600T
22%
14th Gen Core i7 i7 14700
22%
i7 14700F
22%
i7 14700K
22%
i7 14700KF
22%
i7 14700T
22%
i7 5775C
22%
6th Gen Core i7 i7 6700
22%
i7 6700K
22%
i7 6700T
22%
i7 6800K
22%
i7 6900K
22%
i7 6950X
22%
7th Gen Core i7 i7 7700
22%
i7 7700K
22%
8th Gen Core i7 i7 8086K
22%
1st Gen Core i7 i7 860
22%
i7 8700K
22%
i7 8700T
22%
i7 880
22%
i7 970
22%
9th Gen Core i7 i7 9700
22%
i7 9700F
22%
i7 9700K
22%
i7 9700KF
22%
i7 9700T
22%
i7 980
22%
i7 9800X
22%
i7 990X
22%
i9 10900T
22%
i9 10900X
22%
i9 10920X
22%
i9 10940X
22%
i9 10980XE
22%
14th Gen Core i9 i9 14900
22%
i9 14900F
22%
i9 14900K
22%
i9 14900KF
22%
i9 14900KS
22%
i9 14900T
22%
7th Gen Core i9 i9 7900X
22%
i9 7920X
22%
i9 7940X
22%
i9 7960X
22%
i9 7980XE
22%
i9 9900KF
22%
i9 9900T
22%
i9 9900X
22%
i9 9920X
22%
i9 9940X
22%
i9 9960X
22%
i9 9980XE
22%
Core Ultra 9 200s Ultra 9 285
22%
Ultra 9 285K
22%
133
11%
1.5
11%
1.6
11%
| Pentium MMX 166
11%
1.7
11%
1.9
11%
200
11%
2.1
11%
| Pentium II 233
11%
2.6
11%
| Celeron 266
11%
2.66
11%
2.7
11%
300
11%
330
11%
| Pentium II Overdrive 333
11%
3.4
11%
433
11%
| Pentium III 450
11%
533
11%
550
11%
600
11%
630
11%
633
11%
640
11%
650
11%
733
11%
75
11%
750
11%
80186-10
11%
80186-6
11%
80188 80188
11%
80188-10
11%
80188-6
11%
8086-1
11%
8086-2
11%
8086-4
11%
8088-2
11%
80C186
11%
80C186-12
11%
80C186-16
11%
80C188
11%
83
11%
900
11%
933
11%
E5700
11%
E5800
11%
E6405
11%
E6420
11%
E6500K
11%
E6540
11%
10th Gen Core i3 i3 10100
11%
i3 10100F
11%
i3 10100T
11%
i3 10300
11%
i3 10300T
11%
12th Gen Core i3 i3 12100
11%
i3 12100F
11%
i3 2102
11%
i3 2120
11%
i3 2120T
11%
i3 2125
11%
i3 2130
11%
1st Gen Core i3 i3 530
11%
i3 540
11%
i3 550
11%
i3 560
11%
i3 6300T
11%
i3 7300T
11%
i3 7350K
11%
8th Gen Core i3 i3 8100
11%
i3 8100B
11%
i3 8100F
11%
i3 8100T
11%
i3 8300
11%
i3 8300T
11%
i3 8350K
11%
i3 9320
11%
i5 10400T
11%
i5 10500
11%
i5 10500T
11%
i5 10600
11%
i5 10600K
11%
i5 10600KF
11%
i5 10600T
11%
i5 12600
11%
i5 14500T
11%
i5 2500
11%
i5 2500K
11%
i5 3550
11%
i5 6500T
11%
i5 6600
11%
i5 6600K
11%
i5 6600T
11%
i5 670
11%
i5 680
11%
7th Gen Core i5 i5 7400
11%
i5 7400T
11%
i5 7500T
11%
i5 7600
11%
i5 7600K
11%
i5 7600T
11%
i5 7640X
11%
8th Gen Core i5 i5 8400
11%
i5 8400B
11%
i5 8400T
11%
i5 8500
11%
i5 8500B
11%
i5 8500T
11%
i5 8600
11%
i5 8600K
11%
i5 8600T
11%
10th Gen Core i7 i7 10700
11%
i7 10700F
11%
i7 10700K
11%
i7 10700KF
11%
i7 10700T
11%
2nd Gen Core i7 i7 2600
11%
i7 2600K
11%
i7 5820K
11%
i7 5960X
11%
i7 6850K
11%
i7 7700T
11%
i7 7800X
11%
i7 7820X
11%
i7 875K
11%
i7 920
11%
i7 930
11%
i7 940
11%
i7 950
11%
i7 960
11%
i7 975
11%
11th Gen Core i9 i9 11900
11%
i9 11900F
11%
i9 11900K
11%
i9 11900KF
11%
13th Gen Core i9 i9 13900
11%
i9 9900KS
11%
i9 9990XE
11%
Q8400
11%
Core Ultra 5 200s Ultra 5 225
11%
Ultra 5 225F
11%
Ultra 5 225T
11%
Ultra 5 235
11%
Ultra 5 235T
11%
Ultra 5 245
11%
Ultra 5 245K
11%
Ultra 5 245KF
11%
Ultra 5 245T
11%
Core Ultra 7 200s Ultra 7 265
11%
Ultra 7 265F
11%
Ultra 7 265K
11%
Ultra 7 265KF
11%
Ultra 7 265T
11%
Ultra 9 285T
11%
1000A
0%
1000S
0%
1100A
0%
1133
0%
1133S
0%
120
0%
1200
0%
125
0%
1266S
0%
1300
0%
1333
0%
1400
0%
1400S
0%
| Pentium MMX Overdrive 150
0%
1500
0%
180
0%
2.26
0%
2.53
0%
300T
0%
3.06
0%
| Celeron D 310
0%
315
0%
320
0%
320J
0%
325
0%
325J
0%
326
0%
330J
0%
331
0%
335
0%
335J
0%
336
0%
340
0%
340J
0%
341
0%
345
0%
345J
0%
3.46
0%
346
0%
347
0%
350
0%
350J
0%
351
0%
352
0%
355
0%
356
0%
360
0%
365
0%
366
0%
3.73
0%
i386 (80386) 386DX-12
0%
386DX-16
0%
386DX-20
0%
386DX-25
0%
386DX-33
0%
386SX-16
0%
386SX-20
0%
386SX-25
0%
386SX-33
0%
386SX-40
0%
466
0%
486DX2-40
0%
486DX2-50
0%
486DX2-66
0%
486DX-33
0%
486DX4-100
0%
486DX4-75
0%
486DX-50
0%
i486 (80486) 486SX-16
0%
486SX-20
0%
486SX-25
0%
486SX2-50
0%
486SX-33
0%
505
0%
505J
0%
506
0%
510
0%
510J
0%
511
0%
515
0%
515J
0%
516
0%
517
0%
519
0%
519J
0%
519K
0%
520
0%
520J
0%
521
0%
524
0%
530
0%
530J
0%
531
0%
540
0%
540J
0%
541
0%
550J
0%
551
0%
560
0%
560J
0%
561
0%
566
0%
570
0%
570J
0%
571
0%
620
0%
631
0%
641
0%
651
0%
661
0%
662
0%
667
0%
672
0%
766
0%
80286-10
0%
80286-12
0%
80286 80286-4
0%
80286-6
0%
80286-8
0%
Pentium D 805
0%
80C186EB-13
0%
80C186EB-20
0%
80C186EB-25
0%
80C186EB-8
0%
80C186XL
0%
80C186XL-12
0%
80C186XL-20
0%
80C186XL-25
0%
80C188-12
0%
80C188-16
0%
80C188EB-13
0%
80C188EB-16
0%
80C188EB-20
0%
80C188EB-8
0%
80C188XL
0%
80C188XL-12
0%
80C188XL-16
0%
80C188XL-20
0%
80C188XL-25
0%
80C286-12
0%
80L186EB-13
0%
80L186EB-16
0%
80L186EB-8
0%
80L188EB-13
0%
80L188EB-16
0%
80L188EB-8
0%
820
0%
830
0%
| Pentium Extreme Edition 840
0%
850
0%
866
0%
900A
0%
915
0%
920
0%
925
0%
930
0%
935
0%
940
0%
945
0%
950
0%
955
0%
960
0%
965
0%
DX2ODP50
0%
DX2ODP66
0%
DX2ODPR50
0%
DX2ODPR66
0%
DX4ODP100
0%
DX4ODP75
0%
DX4ODPR100
0%
DX4ODPR75
0%
Pentium Dual (E Series) E2140
0%
E2160
0%
E2180
0%
E2200
0%
E2210
0%
E2220
0%
E6750
0%
E6850
0%
E7200
0%
E7300
0%
E7400
0%
E7500
0%
E7600
0%
E8190
0%
E8200
0%
E8300
0%
E8400
0%
E8500
0%
E8600
0%
G1101
0%
Celeron(IVB/HSW) G1610
0%
G1610T
0%
G1620
0%
G1620T
0%
G1630
0%
G1820
0%
G1820T
0%
G1830
0%
G1840
0%
G1840T
0%
G1850
0%
Pentium(IVB/HSW) G2010
0%
G2020
0%
G2020T
0%
G2030
0%
G2030T
0%
G2100T
0%
G2120
0%
G2120T
0%
G2130
0%
G2140
0%
G3220
0%
G3220T
0%
G3240
0%
G3240T
0%
G3250
0%
G3250T
0%
G3258
0%
G3260T
0%
G3420
0%
G3420T
0%
G3430
0%
G3440
0%
G3440T
0%
G3450
0%
G3450T
0%
G3460
0%
G3460T
0%
G3470
0%
Celeron(SKL/KBL) G3900
0%
G3900T
0%
G3930
0%
G3930T
0%
G3950
0%
Celeron (NHM/SNB) G440
0%
Pentium(SKL/KBL) G4400
0%
G4400T
0%
G4500
0%
G4500T
0%
G4520
0%
G4560
0%
G4560T
0%
G460
0%
G4600
0%
G4600T
0%
G4620
0%
G465
0%
G470
0%
Celeron (CFL/CML) G4900
0%
G4900T
0%
G4920
0%
G4930
0%
G4930T
0%
G530
0%
G530T
0%
G540
0%
Pentium Gold (CFL/CML) G5400
0%
G5400T
0%
G540T
0%
G5420
0%
G5420T
0%
G550
0%
G5500
0%
G5500T
0%
G550T
0%
G555
0%
G5600
0%
G5600T
0%
G5620
0%
G5900
0%
G5900T
0%
G5905
0%
G5905T
0%
G5920
0%
G5925
0%
G620
0%
G620T
0%
G622
0%
G630
0%
G630T
0%
G632
0%
G640
0%
G6400
0%
G6400T
0%
G6405
0%
G6405T
0%
G640T
0%
G645
0%
G645T
0%
G6500
0%
G6500T
0%
G6505
0%
G6505T
0%
G6600
0%
G6605
0%
G6900
0%
G6900T
0%
Pentium (NHM/SNB) G6950
0%
G6951
0%
G6960
0%
Pentium/Celeron/Intel Processors(ADL/RPL) G7400
0%
G7400T
0%
G840
0%
G850
0%
G860
0%
G860T
0%
G870
0%
i3 10105
0%
i3 10105F
0%
i3 10105T
0%
i3 10305
0%
i3 10305T
0%
i3 10320
0%
i3 10325
0%
11th Gen Core i3 i3 11100B
0%
i3 12100T
0%
i3 12300
0%
i3 12300T
0%
13th Gen Core i3 i3 13100
0%
i3 13100F
0%
i3 13100T
0%
i3 2105
0%
3rd Gen Core i3 i3 3210
0%
i3 3220
0%
i3 3220T
0%
i3 3225
0%
i3 3240
0%
i3 3240T
0%
i3 3245
0%
i3 3250
0%
i3 3250T
0%
4th Gen Core i3 i3 4130
0%
i3 4130T
0%
i3 4150
0%
i3 4150T
0%
i3 4160
0%
i3 4160T
0%
i3 4170
0%
i3 4170T
0%
i3 4330
0%
i3 4330T
0%
i3 4340
0%
i3 4350
0%
i3 4350T
0%
i3 4360
0%
i3 4360T
0%
i3 4370
0%
i3 4370T
0%
6th Gen Core i3 i3 6098P
0%
i3 6320
0%
i3 7320
0%
i5 10505
0%
11th Gen Core i5 i5 11400
0%
i5 11400F
0%
i5 11400T
0%
i5 11500
0%
i5 11500B
0%
i5 11500T
0%
i5 11600
0%
i5 11600K
0%
i5 11600KF
0%
i5 11600T
0%
12th Gen Core i5 i5 12400
0%
i5 12400F
0%
i5 12400T
0%
i5 12490F
0%
i5 12500
0%
i5 12500T
0%
i5 12600K
0%
i5 12600KF
0%
i5 12600T
0%
13th Gen Core i5 i5 13400
0%
i5 13400F
0%
i5 13400T
0%
i5 13490F
0%
i5 13500
0%
i5 13500T
0%
i5 13600
0%
i5 13600K
0%
i5 13600KF
0%
i5 13600T
0%
i5 14490F
0%
i5 2310
0%
i5 2320
0%
i5 2380P
0%
i5 2390T
0%
i5 2400S
0%
i5 2405S
0%
i5 2450P
0%
i5 2500S
0%
i5 2500T
0%
i5 2550K
0%
3rd Gen Core i5 i5 3330
0%
i5 3330S
0%
i5 3335S
0%
i5 3340
0%
i5 3340S
0%
i5 3350P
0%
i5 3450
0%
i5 3450S
0%
i5 3470
0%
i5 3470S
0%
i5 3470T
0%
i5 3475S
0%
i5 3550S
0%
i5 3570
0%
i5 3570K
0%
i5 3570S
0%
i5 3570T
0%
4th Gen Core i5 i5 4430
0%
i5 4430S
0%
i5 4440
0%
i5 4440S
0%
i5 4460
0%
i5 4460S
0%
i5 4570
0%
i5 4570R
0%
i5 4570S
0%
i5 4570T
0%
i5 4590
0%
i5 4590S
0%
i5 4590T
0%
i5 4670K
0%
i5 4670R
0%
i5 4670S
0%
i5 4670T
0%
i5 4690
0%
i5 4690K
0%
i5 4690S
0%
i5 4690T
0%
5th Gen Core i5/i7 i5 5575R
0%
i5 5675C
0%
i5 5675R
0%
i5 6402P
0%
i5 655K
0%
i5 6585R
0%
i5 661
0%
i5 6685R
0%
i5 750S
0%
11th Gen Core i7 i7 11700
0%
i7 11700B
0%
i7 11700F
0%
i7 11700K
0%
i7 11700KF
0%
i7 11700T
0%
12th Gen Core i7 i7 12700
0%
i7 12700F
0%
i7 12700KF
0%
i7 12700T
0%
13th Gen Core i7 i7 13700
0%
i7 13700F
0%
i7 13700K
0%
i7 13700KF
0%
i7 13700T
0%
i7 13790F
0%
i7 14790F
0%
i7 2600S
0%
3rd Gen Core i7 i7 3770
0%
i7 3770K
0%
i7 3770S
0%
i7 3770T
0%
i7 3820
0%
i7 3930K
0%
i7 3960X
0%
i7 3970X
0%
4th Gen Core i7 i7 4765T
0%
i7 4770
0%
i7 4770K
0%
i7 4770R
0%
i7 4770S
0%
i7 4770T
0%
i7 4771
0%
i7 4785T
0%
i7 4790
0%
i7 4790K
0%
i7 4790S
0%
i7 4790T
0%
i7 4820K
0%
i7 4930K
0%
i7 4960X
0%
i7 5775R
0%
i7 5930K
0%
i7 6785R
0%
i7 7740X
0%
i7 860S
0%
i7 8700B
0%
i7 870S
0%
i7 965
0%
i7 980X
0%
i860XP-40
0%
i860XP-50
0%
i860 i860XR-25
0%
i860XR-33
0%
i860XR-40
0%
i9 10910
0%
i9 11900KB
0%
i9 11900T
0%
12th Gen Core i9 i9 12900
0%
i9 12900F
0%
i9 12900K
0%
i9 12900KF
0%
i9 12900KS
0%
i9 12900T
0%
i9 13900F
0%
i9 13900K
0%
i9 13900KF
0%
i9 13900KS
0%
i9 13900T
0%
i9 9820X
0%
ODP486DX-25
0%
ODP486DX-33
0%
i486 Overdrive ODP486SX-20
0%
ODP486SX-25
0%
ODP486SX-33
0%
ODPR486DX-25
0%
ODPR486DX-33
0%
Core 2 Quad Q6400
0%
Q6600
0%
Q6700
0%
Q8200
0%
Q8200S
0%
Q8300
0%
Q8400S
0%
Q9300
0%
Q9400
0%
Q9400S
0%
Q9450
0%
Q9450S
0%
Q9500
0%
Q9505
0%
Q9505S
0%
Q9550
0%
Q9550S
0%
Q9650
0%
Q9700
0%
Q9705
0%
QX6700
0%
QX6800
0%
QX6850
0%
QX9650
0%
QX9770
0%
QX9775
0%
RapidCAD
0%
SX2ODP50
0%
Ultra 5 230F
0%
Core 2 Extreme X6800
0%
No matching quizzes found
Score Distribution
Percent of People with Each Score
Percentile by Number Answered
Your Score History
You have not taken this quiz since the last reset